000 01144nam a22003377a 4500
001 256
003 FISKH
005 20230310163720.0
008 230310b cb ||||| |||| 00| 0 eng d
010 _a 2008275286
020 _a9780440411574 (pbk.)
040 _aDLC
_cDLC
_dDLC
_dFISKH
_beng
042 _alcac
050 0 0 _aPZ7.M992
_bDar 2008
082 0 0 _a808.899
_222
100 1 _aMyers, Walter Dean,
_d1937-2014.
245 1 0 _aDarnell Rock reporting /
_cWalter Dean Myers.
260 _aNew York :
_bYearling,
_c2008.
300 _a135 p. ;
_c20 cm.
500 _a"A Yearling book."
505 _aM
520 _aThirteen-year-old Darnell's twin sister and the other members of the Corner Crew have doubts about his work on the school newspaper, but the article he writes about a homeless man gives him a positive attitude toward school.
521 0 _a710
_bLexile
521 1 _aM
_bRaz-Plus
650 1 _aSchools
_vFiction.
650 1 _aAfrican Americans
_vFiction.
650 1 _aHomeless persons
_vFiction.
650 1 _aSiblings
_vFiction.
906 _a7
_bcbc
_corigcop
_d2
_encip
_f20
_gy-gencatlg
942 _2ddc
_cBK
_n0
999 _c256
_d256